Star Control II Races - Statistics

General Stats
  • This quiz has been taken 43 times
  • The average score is 8 of 25
Answer Stats
Answer % Correct
Earthling
71%
VUX
71%
Mmrnmhrm
59%
Androsynth
41%
Mycon
35%
Spathi
35%
Arilou
29%
Druuge
29%
Melnorme
29%
Pkunk
29%
Ur-Quan
29%
Yehat
29%
Chenjesu
24%
Chmmr
24%
Ilwrath
24%
Kohr-Ah
24%
Orz
24%
Slylandro
24%
Supox
24%
Syreen
24%
Thraddash
24%
Umgah
24%
Utwig
24%
Zoq-Fot-Pik
24%
Shofixti
18%
No matching quizzes found
Score Distribution
Percent of People with Each Score
Percentile by Number Answered
Your Score History
You have not taken this quiz